000 00433pab a2200157 454500
008 180718b1962 xxu||||| |||| 00| 0 eng d
100 _aVepa, Ram K.
245 _aOfficial-non-official relations in Panchayati Raj: The experience of Andhra Pradesh
260 _c1962
300 _ap.186-199.
362 _aApr-Jun
650 _aPanchayat
773 _aIndian Journal of Public Administration
908 _aN
909 _a100420
999 _c100419
_d100419